000 00571cam a22002291 4500
001 sa 68000111
003 DLC
005 20260227112420.0
008 900111s1963 ii c 000 0 hino
010 _asa 68000111
035 _a(OCoLC)20876472
040 _aDLC
_cWaU
_dDLC
042 _apremarc
043 _aa-ir---
050 0 0 _aPK6416
_b.R3
100 0 _aRāmasiṃha,
_d1888-
245 1 0 _aFārsī kavī carcā.
260 _c[1963 or 4]
300 _a3, 207 p.
_bports.
_c18 cm.
500 _aIn Hindi.
650 0 _aPersian poetry
_xHistory and criticism.
999 _c76954
_d76954